[Event "26th Abu Dhabi Master 2019"]
[Site "Abu Dhabi"]
[Date "2019.08.05"]
[Round "5.1"]
[White "Salem, A.R. Saleh"]
[Black "Jobava, Baadur"]
[Result "0-1"]
[WhiteElo "2672"]
[BlackElo "2594"]
[Annotator "TA"]
[PlyCount "78"]
[EventDate "2019.08.02"]
[EventType "swiss"]
[EventCountry "UAE"]
[SourceTitle "playchess.com"]
[Source "ChessBase"]
[SourceQuality "1"]

{[%evp 9,78,-20,-21,-21,16,-29,-9,-37,-17,-12,-13,-3,8,-33,0,0,0,0,61,83,61,45,47,40,50,9,14,9,41,58,55,42,60,0,0,0,0,0,0,0,0,0,0,-52,-66,-128,-128,-128,-132,-197,-192,-208,0,-202,-203,-295,-281,-369,-388,-479,-495,-616,-585,-616,-520,-604,-588,-975,-948,-29982,-29983]} 1. d4 d5 2. c4 c6 3. Nf3 Nf6 4. Nc3 dxc4 5. e4 b5 $1 6. Be2 {D15: Slav Defence: 4 Nc3 a6 and gambit lines after 4 Nc3 dxc4} Bg4 (6... e6 7. O-O Be7 8. a4 b4 9. e5 Nd5 10. Ne4 Ba6 11. Bd2 Qa5 12. Rc1 Nd7 13. Bxc4 Bxc4 14. Rxc4 {½-½ (39) Salem,A (2672)-Shankland,S (2725) chess.com INT 2019}) 7. e5 Nd5 8. h3 {The position is equal.} Bxf3 9. Bxf3 e6 10. a4 $146 ({Predecessor:} 10. O-O Nd7 11. a4 a6 12. Bxd5 exd5 13. Qg4 b4 14. Ne2 h5 15. Qg3 a5 16. Re1 Qb6 17. Bg5 c5 18. Nf4 cxd4 19. e6 Nc5 20. Nxd5 {1-0 (20) Jagodzinski,W (2141)-Spicak,K (2011) Rewal 2008}) 10... Bb4 11. Bd2 (11. Bxd5 $5 Qxd5 12. Qg4 $11) 11... Bxc3 12. bxc3 O-O 13. O-O Nd7 ({Better is} 13... a5 $11) 14. axb5 $14 cxb5 15. Bxd5 $1 exd5 16. Ra6 Nb6 17. Qb1 {[%mdl 1024] White has compensation.} (17. Qg4 $5 {[%cal Rd2h6]}) 17... Qd7 18. f4 f5 19. Qb4 Rfb8 20. Re1 Rb7 21. e6 (21. Kh2 $14) 21... Qe8 $1 $11 22. Qb1 g6 23. g4 Qe7 24. gxf5 Qh4 {aiming for ...Qg3+.} 25. Re2 (25. Kg2 gxf5 26. e7 Rxe7 $15) 25... Qxh3 26. f6 ({White should try} 26. e7 $11 Rxe7 27. Rxe7 Qg3+ 28. Kf1 Qf3+ 29. Kg1 Qg3+ 30. Kf1 Qf3+ 31. Kg1 Qg3+) 26... Qg4+ $15 {[%mdl 64] Double Attack} 27. Rg2 (27. Kf2 $1 $15 Qh4+ {[%mdl 64] Double Attack} 28. Kg1 Qxf6 29. Qxb5) 27... Qxe6 $17 28. f5 Qxf6 29. Ra2 (29. fxg6 $17 {keeps fighting.} hxg6 30. Bh6) 29... Re8 $1 $19 30. Bf4 {next Be5 is good for White.} Rf8 $2 (30... Re4 $1 $19 {[%cal Re4f4]} 31. Raf2 Qe7) 31. Rg5 $2 (31. Bh6 $1 $11 {and White is okay.} Qxf5 32. Qe1) 31... Nd7 32. Rag2 {[#]} (32. Qe1 {is a better defense.} b4 33. fxg6 hxg6 34. Rag2) 32... b4 $1 33. fxg6 (33. cxb4 Qxd4+) 33... h6 (33... Qxf4 34. gxh7+ Kf7 35. Rf5+ Qxf5 36. Qxf5+ Nf6 37. Qg6+ Ke7 38. Re2+ Ne4 39. Qg7+ Rf7 40. Rxe4+ $1 {[%mdl 576] Promotion} dxe4 41. Qe5+ {[%mdl 64] Double Attack} Kd7 42. h8=Q Rb8 43. Qhxb8 {[%mdl 64] Double Attack} Rg7+ 44. Qxg7+ Ke6 45. Qbe5#) 34. g7 {[#]} Re8 $1 ({And not} 34... hxg5 35. gxf8=Q+ Nxf8 36. Bxg5 $11) 35. R5g4 Re4 36. Bg5 Qe6 37. Rxe4 Qxe4 38. Qd1 hxg5 39. Re2 Qg4+ {Accuracy: White = 61%, Black = 72%.} 0-1

[Event "26th Abu Dhabi Master 2019"]
[Site "Abu Dhabi"]
[Date "2019.08.05"]
[Round "5.2"]
[White "Petrosyan, Manuel"]
[Black "Ni, Hua"]
[Result "1/2-1/2"]
[WhiteElo "2592"]
[BlackElo "2668"]
[Annotator "TA"]
[PlyCount "115"]
[EventDate "2019.08.02"]
[EventType "swiss"]
[EventCountry "UAE"]
[SourceTitle "playchess.com"]
[Source "ChessBase"]
[SourceQuality "1"]

{[%evp 12,115,34,27,30,28,33,35,34,31,84,45,37,40,28,41,35,24,47,31,30,28,31,26,60,59,71,4,12,9,15,9,48,28,29,9,19,11,80,32,61,47,56,76,72,85,65,51,61,51,51,44,36,31,24,26,80,17,17,17,22,25,51,43,97,65,65,65,98,107,97,97,107,105,110,68,79,32,32,32,32,32,33,12,13,14,32,32,60,60,74,60,60,0,0,0,6,0,0,0,0,0,0,0,0,0]} 1. d4 d5 2. Nf3 Nf6 3. c4 c6 4. e3 g6 5. Nbd2 Bg7 6. Be2 O-O 7. O-O Bf5 {D70: Grünfeld: Unusual White 3rd moves (met by ...d5)} 8. b4 Nbd7 9. a4 a5 $146 {White is slightly better.} ({Predecessor:} 9... Qc7 10. Bb2 dxc4 11. Nxc4 Rad8 12. Qb3 Be6 13. Qc2 Bf5 {0-1 (66) Penttinen,J (2258)-Matlakov,M (2665) Eilat 2012}) 10. b5 c5 (10... dxc4 $14 11. bxc6 bxc6) 11. Bb2 dxc4 12. Nxc4 Be6 13. Rc1 Rc8 14. dxc5 Rxc5 15. Ba3 {aiming for Nd4.} Rc8 16. Nd4 Bd5 17. Nb3 Bxc4 18. Bxc4 Re8 19. b6 (19. Qe1 $16) 19... Qxb6 20. Bb5 Bf8 21. Qd2 e5 22. Bxf8 Rxf8 23. Qxa5 ({But not} 23. Bxd7 Rxc1 24. Rxc1 (24. Nxc1 Rd8 $15) 24... Qxb3 $15) 23... Qd6 24. Rcd1 Qa3 (24... Qe7 $11) 25. Nd2 Qc5 {[#] Hoping for ...Ra8.} 26. Nc4 $1 Ra8 27. Qd2 Nb6 28. Nxb6 Qxb6 29. Qc3 e4 30. Rd4 Rac8 31. Qb2 Rfd8 32. Rfd1 Rxd4 33. Rxd4 Qa5 (33... Rd8 $11) 34. Rd1 (34. h3 $16) 34... Qc3 $11 35. Qxc3 Rxc3 {[%mdl 4096] Endgame KRB-KRN} 36. h3 Kf8 37. g4 g5 (37... Rc5 $14) 38. Rd8+ Kg7 39. Kg2 Rc7 40. Rd4 Re7 41. Be2 Rd7 42. Rb4 Nd5 43. Rxe4 (43. Rb5 {seems wilder.} h6 44. Bc4 Nf6 45. Bb3 Kg6 46. Rb6) 43... Nc3 44. Bb5 (44. Rc4 {is interesting.} Nxe2 45. Rc2 h5 46. gxh5 Rd3 47. Rxe2 Ra3 48. Rb2) 44... Nxb5 45. axb5 $14 {KR-KR} Rd5 46. Rb4 b6 47. f4 h5 48. Kf3 hxg4+ 49. hxg4 gxf4 50. exf4 Kg6 51. Ke4 Rc5 52. Rb1 (52. Kd4 $14) 52... f5+ $1 $11 {The position is equal.} 53. gxf5+ Kf6 54. Rd1 Rxb5 55. Rd6+ Kf7 56. Rc6 Rb4+ 57. Kf3 Rb1 58. Ke4 {Accuracy: White = 59%, Black = 55%.} 1/2-1/2

[Event "26th Abu Dhabi Master 2019"]
[Site "Abu Dhabi"]
[Date "2019.08.05"]
[Round "5.3"]
[White "Abdusattorov, Nodirbek"]
[Black "Maghsoodloo, Parham"]
[Result "0-1"]
[WhiteElo "2598"]
[BlackElo "2656"]
[Annotator "TA"]
[PlyCount "140"]
[EventDate "2019.08.02"]
[EventType "swiss"]
[EventCountry "UAE"]
[SourceTitle "playchess.com"]
[Source "ChessBase"]
[SourceQuality "1"]

{[%evp 9,140,12,45,47,41,46,47,38,52,37,59,2,50,54,61,0,25,28,29,9,54,-44,-31,-68,-8,-18,-19,-20,-23,-15,-10,-27,-23,-19,-20,-11,0,0,24,20,31,18,37,8,18,0,0,0,0,0,0,0,0,0,0,0,0,0,0,0,0,0,17,0,0,0,14,5,8,7,53,45,52,65,42,34,47,12,141,0,0,0,-19,-17,-10,-8,-14,-60,-42,-87,-88,-113,-108,-142,-119,-139,-127,-132,-117,-276,-262,-266,-93,-153,-134,-205,-184,-300,-300,-297,-288,-592,-591,-485,-485,-581,-580,-709,-681,-29970,-29972,-29972,-29973,-29971,-29973,-29978,-29979,-29978,-29979,-29981,-29981,-29982,-29982]} 1. d4 Nf6 2. c4 e6 3. Nf3 d5 4. Nc3 dxc4 5. e4 b5 (5... Bb4 6. Bxc4 Nxe4 7. O-O Nf6 8. Qa4+ Nc6 9. Ne5 Rb8 10. d5 exd5 11. Nxd5 Nxd5 12. Nxc6 bxc6 13. Qxc6+ Qd7 14. Qxd5 {½-½ (31) Mamedyarov,S (2817)-Caruana,F (2832) Germany 2019}) 6. e5 {D24: Queen's Gambit Accepted: 3 Nf3 Nf6 4 Nc3} Nd5 7. Nxb5 Nb6 8. Be2 {White is slightly better.} Nc6 9. O-O Be7 10. Qc2 ({White should try} 10. Be3 $14) 10... O-O 11. Qe4 ({Of course not} 11. Bxc4 a6 $15) 11... Bb7 $146 ({Predecessor:} 11... Bd7 12. Rd1 Nb4 13. Na3 {½-½ (56) Mueer,S (2222)-Poetsch,H (2507) Leipzig 2018}) 12. Na3 (12. Nc3 $14) 12... Kh8 13. Rd1 ({Much worse is} 13. Nxc4 Na5 $17) 13... Rb8 14. Qg4 Nb4 (14... Bxa3 $5 15. bxa3 Qe7 $11) 15. Bd2 (15. Ng5 $14) 15... Nd3 $1 $15 {[%cal Rd3b2]} 16. Bc3 Bd5 (16... f5 $15 17. Qg3 Nd5 18. Bxd3 cxd3) 17. Nxc4 $11 Nxf2 18. Kxf2 {Hoping for b3.} Bxc4 19. Bxc4 Nxc4 20. b3 Nb6 21. Rac1 Nd5 22. Bd2 Rb6 23. Qe4 f5 24. exf6 gxf6 25. Re1 Qe8 26. Re2 Ra6 27. a4 Qg6 28. Qxg6 hxg6 29. Rce1 Rb6 30. Rxe6 Bd6 31. Re8 Rxb3 32. Rxf8+ Bxf8 33. Re8 Kg7 34. Ra8 Rb7 35. a5 c6 36. h4 Bd6 {And now ...Bb8 would win.} 37. Rc8 Rc7 38. Rd8 Be7 39. Rb8 Bd6 40. a6 Rf7 41. Rb7 Bc7 42. g4 Bb6 43. h5 g5 (43... gxh5 $11 44. gxh5 Kg8) 44. Rb8 (44. Be3 $1 $16) 44... Nc7 45. Rc8 Rf8 46. Rxf8 Kxf8 {[%mdl 4096] Endgame KBN-KBN} 47. Ke3 Nxa6 48. Ke4 Nc7 49. Bb4+ Kf7 50. Nd2 {[#]} a5 $1 {[%cal Ra5b4]} 51. Ba3 {[#]} Nb5 $1 {[%cal Rb5a3]} 52. Bb2 Bc7 53. Kd3 a4 54. Kc4 $2 (54. Nc4 $17 {was worth a try.}) 54... Bf4 55. Nb1 Be3 $2 (55... Nd6+ $19 {is more deadly.} 56. Kd3 f5 57. gxf5 g4) 56. Kd3 (56. h6 $142) 56... Bf2 $17 57. Ke4 (57. Na3 $17) 57... Be1 $19 58. h6 (58. d5 $142 Nd6+ 59. Kd4 Bf2+ 60. Kd3 cxd5 61. Nc3) 58... Kg6 59. d5 Nd6+ ({Weaker is} 59... Kxh6 60. dxc6 Kg6 61. Na3 $15) 60. Kd3 $2 (60. Kd4 {nothing else works.} Bf2+ 61. Kd3 cxd5 62. Nc3) 60... cxd5 61. h7 Nf7 62. Na3 Bg3 63. Nb5 Be5 64. Nc3 Bxc3 {Black mates.} 65. Bxc3 {KB-KN} Kg7 66. Kc2 Ne5 67. Kb2 Kxh7 68. Ka3 Nxg4 69. Kxa4 f5 70. Kb4 f4 {Accuracy: White = 44%, Black = 61%.} 0-1

[Event "26th Abu Dhabi Master 2019"]
[Site "Abu Dhabi"]
[Date "2019.08.05"]
[Round "5.4"]
[White "Volokitin, Andrei"]
[Black "Aleksandrov, Aleksej"]
[Result "1/2-1/2"]
[WhiteElo "2636"]
[BlackElo "2571"]
[Annotator "TA"]
[PlyCount "59"]
[EventDate "2019.08.02"]
[EventType "swiss"]
[EventCountry "UAE"]
[SourceTitle "playchess.com"]
[Source "ChessBase"]
[SourceQuality "1"]

{[%evp 12,59,19,8,21,20,35,5,9,5,15,14,6,8,39,36,33,28,28,20,68,67,64,69,64,69,82,77,84,82,108,75,89,71,71,37,32,19,29,0,11,0,11,0,15,0,0,0,0,0]} 1. e4 e5 2. Nf3 Nc6 3. Bc4 Bc5 4. O-O Nf6 5. d3 h6 6. c3 d6 7. Re1 O-O {C54: Giuoco Piano: 4 c3 Nf6, main lines with 5 d4 and 5 d3} 8. Nbd2 a6 9. h3 Na5 10. b4 Nxc4 11. bxc5 Nxd2 12. Qxd2 Nh5 13. Qd1 $146 ({Predecessor:} 13. d4 Qf6 14. Qd3 a5 15. cxd6 cxd6 16. Rb1 {1-0 (62) Saric,I (2680)-Gomez,J (2510) Doha 2014}) 13... Re8 14. cxd6 cxd6 15. a4 {[%cal Ba2a4,Ba4a5][%mdl 32]} Qf6 16. a5 Bd7 17. Rb1 Bc6 18. c4 Nf4 19. Bxf4 Qxf4 20. Rb6 Qf6 21. Qd2 Kh7 22. Re3 Qe6 23. d4 exd4 $1 24. Nxd4 Qxc4 25. Nf5 {Rg3 is the strong threat.} Re6 {The position is equal.} 26. Nxd6 Qc5 27. Rd3 ({But not} 27. Nxf7 $2 Qe7 $19) 27... Bxe4 28. Nxe4 Rxe4 29. Rxb7 Qe5 30. Re3 {Accuracy: White = 57%, Black = 49%.} 1/2-1/2

[Event "26th Abu Dhabi Master 2019"]
[Site "Abu Dhabi"]
[Date "2019.08.05"]
[Round "5.5"]
[White "Akopian, Vladimir"]
[Black "Yakubboev, Nodirbek"]
[Result "0-1"]
[WhiteElo "2650"]
[BlackElo "2575"]
[Annotator "TA"]
[PlyCount "72"]
[EventDate "2019.08.02"]
[EventType "swiss"]
[EventCountry "UAE"]
[SourceTitle "playchess.com"]
[Source "ChessBase"]
[SourceQuality "1"]

{[%evp 20,98,15,8,9,18,0,19,11,14,0,0,23,0,7,0,33,13,16,8,14,0,30,18,19,13,47,28,119,0,3,0,60,59,45,3,19,50,38,0,0,-22,-17,-16,5,0,-8,-37,0,-48,-56,-51,-42,-115,-62,-112,-97,-130,-108,-181,-174,-227,-218,-306,-304,-282,-283,-477,-482,-482,-443,-384,-246,-578,-512,-658,-525,-5289,-854,-852,-840]} 1. e4 c5 2. Nf3 d6 3. d4 cxd4 4. Nxd4 Nf6 5. Nc3 a6 6. f3 e5 7. Nb3 Be6 8. Be3 h5 9. Qd2 Nbd7 10. O-O-O Be7 11. Kb1 b5 {B90: Sicilian Najdorf: Unusual White 6th moves, 6 Be3 Ng4 and 6 Be3 e5} 12. Nd5 (12. h4 O-O 13. Bg5 Rc8 14. a3 Qc7 15. g4 hxg4 16. fxg4 Nb6 17. Bxf6 Bxf6 18. g5 {½-½ (70) Yu,Y (2751)-Vachier Lagrave,M (2789) Riadh 2017}) 12... Bxd5 13. exd5 Nb6 {The position is equal.} 14. Bxb6 Qxb6 15. Na5 Rc8 16. Bd3 b4 17. Nc4 Qb7 18. Qe2 Rc5 $146 ({Predecessor:} 18... O-O 19. Ne3 {½-½ (34) Gomez Galan Arense,J (2259)-Canizares Cuadra,P (2223) ICCF email 2013}) 19. f4 Nxd5 ({But not} 19... Qxd5 $6 20. Rhe1 $16) 20. Qf3 Qb8 21. fxe5 dxe5 22. Nd2 Nf4 23. Bc4 {[%mdl 1024] White has compensation.} Qc8 {[#]} (23... O-O $11 {keeps the balance.}) 24. g3 (24. Bb3 $1 $16) 24... Ne6 $132 {[%mdl 2048] Black is not keeping still} 25. Bb3 Ng5 (25... O-O $1 $11) 26. Ba4+ Kf8 27. Qe2 Rh6 28. h4 Ne6 29. Nb3 {And now Bd7 would win.} (29. Nf3 $5 {[%cal Rf3e5]}) 29... Rc7 30. Rhf1 Kg8 31. Qxe5 Bf6 32. Qe2 Rg6 33. Rf3 Rg4 34. Rfd3 Re7 $1 {Hoping for ...Nd4.} 35. Qf2 Qc7 {aiming for ...Qe5.} 36. Re1 {[#]} ({White should try} 36. Rd6 $15) 36... Be5 {Played: Ne6-d4} 0-1

[Event "26th Abu Dhabi Master 2019"]
[Site "Abu Dhabi"]
[Date "2019.08.05"]
[Round "5.6"]
[White "Esipenko, Andrey"]
[Black "Yuffa, Daniil"]
[Result "1/2-1/2"]
[WhiteElo "2621"]
[BlackElo "2582"]
[Annotator "TA"]
[PlyCount "167"]
[EventDate "2019.08.02"]
[EventType "swiss"]
[EventCountry "UAE"]
[SourceTitle "playchess.com"]
[Source "ChessBase"]
[SourceQuality "1"]

{[%evp 12,167,14,0,23,0,27,32,30,16,45,48,66,33,50,46,53,51,114,43,186,182,309,286,296,213,204,206,208,135,298,170,264,181,186,182,262,227,257,193,172,85,86,65,60,35,58,-209,-204,-214,-188,-239,-324,-241,-249,-313,-302,-311,-308,-293,-281,-327,-327,-316,-313,-564,-564,-564,-564,-657,-564,-1298,-1097,-1209,-1168,-29967,-29969,-29958,-12818,-5985,-1510,-1419,-1401,-1380,0,-1063,0,-905,0,-729,-696,-673,-450,-493,-450,-450,0,-475,-427,-427,-281,-281,-281,-427,-338,-338,-338,-338,-338,-420,-338,-338,-338,-427,-338,-338,-338,-338,-338,-338,-338,-338,-338,-338,-338,-338,-338,-338,-338,-412,-412,-412,-412,-412,-412,-412,-412,-412,-412,-412,-412,-412,-412,-420,-412,-412,-412,-412,-412,-412,0,-418,-412,-412,-412,-412,0,-412]} 1. e4 c5 2. Nf3 d6 3. d4 cxd4 4. Nxd4 Nf6 5. Nc3 a6 6. h3 e5 7. Nb3 Be6 {B90: Sicilian Najdorf: Unusual White 6th moves, 6 Be3 Ng4 and 6 Be3 e5} 8. f4 Nc6 (8... exf4 9. Bxf4 Nc6 10. Qe2 Be7 11. O-O-O Qc7 12. g4 O-O 13. g5 Nd7 14. Qe3 Rac8 15. Kb1 {1-0 (60) Van Foreest,J (2612)-Nepomniachtchi,I (2763) Wijk aan Zee 2019}) 9. f5 Bxb3 {White is slightly better.} 10. axb3 Nb4 11. g4 d5 $146 ({Predecessor:} 11... Rc8 12. Bg2 Qb6 13. Qe2 Be7 14. Kf1 h6 15. Be3 {½-½ (30) Rudenko,A (2173)-Babic,D (1960) ICCF email 2012}) 12. exd5 $1 Bc5 {[%cal Rf6d5]} 13. Bg2 h6 14. h4 h5 (14... Qc7 $14) 15. Ne4 (15. Bg5 $16) 15... Nxe4 (15... Qb6 $1 $14) 16. Bxe4 $18 hxg4 (16... Qb6 $142 17. c3 a5) 17. Qxg4 Qd7 18. Bd2 (18. Qxg7 O-O-O $16) 18... O-O-O 19. O-O-O ({Worse is} 19. Qxg7 Rhg8 $11) 19... f6 20. Kb1 Rhe8 $2 (20... Qc7 $16) 21. h5 (21. c3 $142) 21... a5 (21... Qe7 $142 22. Be1 a5) 22. Rh3 {Strongly threatening Rc3.} Kb8 23. Rg3 Bf8 (23... Re7 $142 24. Qg6 Qb5) 24. Qg6 Qb5 25. h6 gxh6 26. Re1 (26. Qf7 $18) 26... Qb6 $16 27. Rf3 Re7 28. Be3 Qa6 $1 29. Bc5 $2 {[%mdl 8192] [#]} (29. Bf2 $14 {keeps the upper hand.}) 29... Rg7 $1 $19 {[%cal Rg7g6][%mdl 64] Discovered Attack} 30. Bxf8 Rxg6 $40 {[%mdl 128] Black has strong attack.} 31. fxg6 Rxf8 32. c3 f5 $1 {White must now prevent ...a4.} 33. g7 {[#]} Rg8 $1 {[%cal Rg8g7]} 34. Rxf5 {And now Rf8+ would win.} Rxg7 35. cxb4 Qd6 ({Weaker is} 35... axb4 36. Rxe5 Qf6 37. Re6 $17) 36. Bc2 Rg5 ({Don't take} 36... Qxb4 37. Rfxe5 Rg2 38. Rc1 $19) 37. Rxg5 hxg5 {[%mdl 4096] Endgame KQ-KRB} 38. Rd1 $2 (38. Rg1 {was called for.}) 38... axb4 39. Rg1 Qf6 40. d6 Kc8 41. Rd1 Kd7 42. Be4 g4 43. Bxb7 g3 44. Bg2 Qf5+ 45. Ka2 Qh5 (45... Qf2 $142 46. Bh3+ Kd8) 46. Rd3 Qg4 47. Rd5 Qf5 $2 ({Better is} 47... Qe2 $19 48. Bh3+ Kd8) 48. Rd2 $2 {[%mdl 8192]} (48. Rd1 $11 Qf2 49. Bh3+ Kd8 50. d7) 48... Qg4 49. Rd5 $1 Qf5 $2 (49... Qe2 $19 50. Bh3+ Kd8) 50. Rd2 $2 {[%mdl 8192]} (50. Rd1 $11 Qf2 51. Bh3+ Kd8 52. d7) 50... e4 51. Re2 Qa5+ 52. Kb1 {[#]} Qd5 $1 53. Ka2 Qa5+ 54. Kb1 Kxd6 55. Bxe4 Qh5 56. Rd2+ Ke6 57. Bg2 (57. Rd4 {is the only way for White.}) 57... Qh7+ 58. Kc1 Qa7 59. Re2+ Kf5 60. Kb1 Qa6 61. Rd2 Qb6 62. Rc2 Kf4 63. Rc4+ Ke3 64. Bc6 Qa5 65. Bg2 Qf5+ 66. Ka2 Qf8 67. Bc6 Qd6 68. Bg2 Qd2 69. Bc6 Kf2 70. Be4 g2 71. Bxg2 Kxg2 {KQ-KR} 72. Kb1 {Threatens to win with Rc2.} Kf3 73. Ka2 Ke3 74. Rc8 {[#]} Qd5 $1 75. Rc4 Qa5+ 76. Kb1 Kd3 77. Rc1 Qf5 {( -> ...Kd2+)} 78. Rc4 Qe6 79. Ka2 Qa6+ 80. Kb1 Qa5 81. Rc1 $1 Qh5 82. Rc4 Qd1+ 83. Ka2 {intending Rd4+.} Qe1 $2 ({Black should try} 83... Qd2 $19 {aiming for ...Ke2.} 84. Rh4 Ke3) 84. Rc8 $2 {[%mdl 40960] Accuracy: White = 44%, Black = 52%. . An unexpected result.} (84. Rd4+ $1 $11 Ke3 85. Re4+ Kf2 86. Rxe1 Kxe1 87. Ka1) 1/2-1/2

[Event "26th Abu Dhabi Master 2019"]
[Site "Abu Dhabi"]
[Date "2019.08.05"]
[Round "5.7"]
[White "Santos Latasa, Jaime"]
[Black "Socko, Bartosz"]
[Result "0-1"]
[WhiteElo "2594"]
[BlackElo "2625"]
[Annotator "TA"]
[PlyCount "76"]
[EventDate "2019.08.02"]
[EventType "swiss"]
[EventCountry "UAE"]
[SourceTitle "playchess.com"]
[Source "ChessBase"]
[SourceQuality "1"]

{[%evp 14,86,25,23,20,21,21,16,22,8,8,8,20,16,24,24,28,25,56,18,51,0,13,33,23,0,0,-28,-19,-38,-43,-56,-36,-70,-79,-103,-85,-141,-161,-140,-145,-172,-167,-174,-155,-154,-149,-152,0,-142,0,-151,-153,-167,-138,-139,-87,-87,-83,-87,-87,-100,-91,-178,-197,-313,-321,-475,-479,-450,-470,-962,-983,-952,-906]} 1. d4 Nf6 2. c4 e6 3. Nc3 Bb4 4. f3 c5 5. d5 exd5 6. cxd5 d6 7. e4 O-O 8. Nge2 Nbd7 {E20: Nimzo-Indian: 4 g3 and 4 f3} 9. Ng3 a6 10. a4 Ne5 {The position is equal.} 11. Be2 Re8 12. O-O c4 $146 ({Predecessor:} 12... Bd7 13. Be3 Rc8 14. Kh1 {1-0 (37) Korobov,A (2680)-Gundavaa,B (2501) Dubai 2014}) 13. Kh1 Bd7 14. Be3 Rc8 15. Qd2 Bc5 16. Bxc5 Rxc5 17. Rfc1 ({Better is} 17. f4 $14 Ng6 18. Qd4) 17... b5 18. axb5 axb5 19. Nd1 h5 20. Ne3 g6 21. Nc2 h4 22. Nf1 Nh5 23. Nb4 Qf6 24. Rc3 Nf4 25. h3 (25. Ne3 $142) 25... Qg5 $17 {[%csl Gf4][%cal Rg5g2]} 26. Bd1 {[#]} Rcc8 $1 27. Bc2 Ra8 28. Raa3 Kh7 29. Qf2 Nh5 30. Qe3 Nf4 {[%csl Gf4][%cal Rg5g2]} 31. Qf2 $1 Nh5 $40 {[%mdl 128] Black attacks.} 32. Qe3 $1 {[%cal Re3g5]} Kh6 33. Qxg5+ Kxg5 34. Kg1 Nf4 (34... f5 $142 35. Nd2 Ng3) 35. Kf2 f5 36. Nd2 Kf6 37. Re3 Rec8 38. Nb1 (38. Rec3 $17) 38... Ned3+ {Played: f5xe4} 0-1

[Event "26th Abu Dhabi Master 2019"]
[Site "Abu Dhabi"]
[Date "2019.08.05"]
[Round "5.8"]
[White "Indjic, Aleksandar"]
[Black "Paichadze, Luka"]
[Result "1-0"]
[WhiteElo "2604"]
[BlackElo "2567"]
[Annotator "TA"]
[PlyCount "67"]
[EventDate "2019.08.02"]
[EventType "swiss"]
[EventCountry "UAE"]
[SourceTitle "playchess.com"]
[Source "ChessBase"]
[SourceQuality "1"]

{[%evp 20,67,21,3,19,17,36,29,44,43,43,44,29,32,42,32,44,31,46,19,62,62,64,50,52,26,118,121,110,97,312,301,613,558,748,761,877,877,848,848,1435,1436,1399,1367,6418,5269,29982,29983,29990,29978]} 1. Nf3 Nf6 2. c4 c6 3. Nc3 d5 4. e3 g6 5. h3 Bg7 6. d4 O-O 7. Bd3 Nbd7 8. O-O dxc4 9. Bxc4 c5 10. Qe2 cxd4 11. exd4 Nb6 {D94: Grünfeld: 4 Nf3 Bg7 5 e3} 12. Bb3 Nbd5 (12... Nfd5 13. Re1 Be6 14. Bg5 Re8 15. Ne4 Nc7 16. Nc5 Bxb3 17. axb3 Qd5 18. Qe4 Qxe4 19. Rxe4 {½-½ (92) Kezin,R (2455)-Dubov,D (2677) Sochi 2017}) 13. Re1 Be6 {[#] White has an edge.} 14. Ng5 $146 ({Predecessor:} 14. Bg5 Re8 15. Qb5 Nxc3 16. bxc3 Bxb3 17. axb3 Qc8 18. c4 a6 19. Qb4 {½-½ (51) Lunev,A (2509)-Meister,J (2513) Togliatti 2003}) 14... Nxc3 15. bxc3 Bxb3 16. axb3 Nd5 17. Bd2 $36 {[%mdl 2048] White has some pressure.} e6 {Threatening ...Nxc3!} 18. Nf3 Ne7 19. h4 Nf5 20. h5 a6 21. hxg6 hxg6 22. Ng5 Re8 (22... Bh6 $1 $11 23. Ne4 Bxd2 24. Qxd2 Rc8) 23. Qf3 $16 Bf6 24. Ne4 Bg7 $2 (24... Be7 $16 {was necessary.}) 25. g4 $18 Nh4 $2 (25... Ne7 26. Ng5 {[%mdl 64] Discovered Attack} f6) 26. Qg3 e5 27. Bg5 f6 28. Qxh4 fxg5 29. Nxg5 Qd7 30. Qh7+ {[%mdl 64] [#] Double Attack} Kf8 31. Qxg6 Qxg4+ 32. Kf1 {[%csl Gg5][%cal Rg6f7]} Kg8 {[#]} 33. Re4 $1 Qd7 34. Rh4 {Accuracy: White = 55%, Black = 20%.} 1-0

[Event "26th Abu Dhabi Master 2019"]
[Site "Abu Dhabi"]
[Date "2019.08.05"]
[Round "5.9"]
[White "Praggnanandhaa R"]
[Black "Yilmaz, Mustafa"]
[Result "1/2-1/2"]
[WhiteElo "2540"]
[BlackElo "2618"]
[Annotator "TA"]
[PlyCount "38"]
[EventDate "2019.08.02"]
[EventType "swiss"]
[EventCountry "UAE"]
[SourceTitle "playchess.com"]
[Source "ChessBase"]
[SourceQuality "1"]

{[%evp 10,38,27,8,15,0,0,0,0,0,0,0,0,0,0,0,0,0,4,0,0,0,0,0,0,0,0,0,0,0,0]} 1. e4 c5 2. Nf3 d6 3. d4 cxd4 4. Nxd4 Nf6 5. Nc3 {[%cal Bb1c3,Bc3d5,Bd5f6][%mdl 32]} a6 6. a3 e5 {The position is equal. B90: Sicilian Najdorf: Unusual White 6th moves, 6 Be3 Ng4 and 6 Be3 e5} 7. Nf5 (7. Nf3 h6 8. Bc4 Be6 9. Bxe6 fxe6 10. O-O Nbd7 11. Ne1 Be7 12. Nd3 O-O 13. f4 Qc7 14. Kh1 {0-1 (52) Short,N (2648)-Aronian,L (2767) Caleta 2019}) 7... d5 8. Bg5 {[%cal Rc3d5]} d4 $1 {[%cal Rd4c3]} 9. Bxf6 $1 Qxf6 10. Nd5 Qc6 11. c4 Be6 $146 ({Predecessor:} 11... g6 12. Nxd4 exd4 13. Qxd4 f6 14. Rd1 {½-½ (32) Conterno,D (2333)-Fischer,D (2320) ICCF email 2017}) 12. f4 g6 13. Nf6+ Kd8 $132 {[%mdl 2048] Black is not holding back} 14. Nxd4 exd4 15. Qxd4+ Qd6 16. Qc3 {[#] Threatens to win with Rd1.} Qc6 $1 17. Qd4+ Qd6 18. Qc3 {Black must now prevent Rd1.} Qc6 $1 19. Qd4+ Qd6 {Accuracy: White = 89%, Black = 100%.} 1/2-1/2